00469nam a2200181Ia 4500003000400000005001700004008004100021020001500062040000700077041000800084082001600092100001700108245007200125260004500197300001900242365000800261650001800269OSt20230504094441.0210423s1988 xx 000 0 und d a1851662391 cAL aeng a664.07 BALG aBALL (G F M) aFat soluble vitamin assays in food analysis: a comprehensive review aNew YorkbElsevier Applied Sciencec1988 axii,326bBound cINR aFood Analysis